| 000 | 00513nam a2200205Ia 4500 | ||
|---|---|---|---|
| 005 | 20240823032306.0 | ||
| 008 | 240823s9999||||xx |||||||||||||| ||und|| | ||
| 020 | _a978-81-317-6255-4 | ||
| 041 | _aENGLISH | ||
| 082 | _A005.43 Q2 | ||
| 100 | _a"Stevens,Richanrd W" | ||
| 245 | 0 | _aAdvanced Programming in the UNIX Environment | |
| 250 | _a2nd | ||
| 260 |
_c2012 _b"Pearson Education," |
||
| 500 | _aYES | ||
| 650 |
_aUNIX _bComputer Science |
||
| 700 | _a Steven A Rago | ||
| 942 | _cBK | ||
| 999 |
_c193108 _d193108 |
||